Adorably Creepy Characters Quiz Stats

Quiz Updated Sep 18, 2012

Challenge
Share
Tweet
Score 0/24 Timer 04:00
3 Plays Today
% Correct
Michael Jackson
95.3%
Dorothy & Toto
88.7%
Edward Scissorhands
82.5%
Freddy Krueger
79.7%
Thor
79.5%
Krusty the Klown
78.3%
Jiminy Cricket
76.7%
Jason Voorhees
74%
Ozzy Osbourne
72.3%
The Hatter
72.2%
V
65.9%
Aquaman
65.8%
% Correct
Tupac Shakur
65.6%
The Catman
60.5%
Bumble
58.6%
Sulley
57.9%
Flavor Flav
55.4%
Jack Skellington
45.2%
Edna Mode
30.6%
D.M.C.
28%
Dee Dee Ramone
15.8%
Dr. Teeth
15.7%
George Harrison
15.6%
Brobee
10.9%

You're not logged in!

Compare scores with friends on all Sporcle quizzes.
Join for Free
OR
Log In

You Might Also Like...

Show Comments

Extras

Top Quizzes Today


Score Distribution

Your Account Isn't Verified!

In order to create a playlist on Sporcle, you need to verify the email address you used during registration. Go to your Sporcle Settings to finish the process.

Report this User

Report this user for behavior that violates our Community Guidelines.

Details: